|
|
|
|
| LEADER |
00000cam a2200000 a 4500 |
| 001 |
vtls008316221 |
| 003 |
SK-MaSNL |
| 005 |
20260301204547.0 |
| 008 |
190102s1967 xo odalcrp 000 0 slo |
| 015 |
|
|
|a SNBA1967/01-00154
|
| 020 |
|
|
|q (viazané)
|
| 035 |
|
|
|a SK01SNK19670008438
|
| 035 |
|
|
|a SKM000010901
|
| 040 |
|
|
|a SNK
|b slo
|c SNK
|e AACR2
|
| 041 |
1 |
|
|a slo
|h cze
|
| 044 |
|
|
|a xo
|c SK
|
| 072 |
|
7 |
|a 51
|x Matematika
|2 konspekt
|
| 072 |
|
7 |
|a 53
|x Fyzika
|2 konspekt
|
| 072 |
|
7 |
|a 54
|x Chémia. Mineralogické vedy
|2 konspekt
|
| 080 |
|
|
|a 51
|2 2011
|
| 080 |
|
|
|a 519.66
|2 2011
|
| 080 |
|
|
|a 53
|2 2011
|
| 080 |
|
|
|a 54
|2 2011
|
| 080 |
|
|
|a (083.4)
|2 2011
|
| 080 |
|
|
|a (075.2)
|2 2011
|
| 245 |
0 |
0 |
|a Matematické, fyzikálne a chemické tabuľky pre siedmy až deviaty ročník základných deväťročných škôl
|c [spracovali: František Běloun ... [et al.] ; z českého originálu preložila Viera Ryšavá]
|
| 250 |
|
|
|a 1. vyd.
|
| 260 |
|
|
|a Bratislava
|b Slovenské pedagogické nakladateľstvo
|c 1967
|
| 300 |
|
|
|a 125 strán
|b fotografie, grafy, ilustrácie, tabuľky
|c 21 cm
|
| 366 |
|
|
|e 210150 kusov
|
| 500 |
|
|
|a Preložené z češtiny
|
| 650 |
0 |
7 |
|a matematika
|2 SNKPH
|9 70174
|
| 650 |
0 |
7 |
|a fyzika
|2 SNKPH
|9 816
|
| 650 |
0 |
7 |
|a chémia
|2 SNKPH
|9 749
|
| 650 |
0 |
7 |
|a chemické tabuľky
|2 SNKPH
|9 278454
|
| 650 |
0 |
7 |
|a matematické tabuľky
|2 SNKPH
|9 87893
|
| 650 |
0 |
7 |
|a fyzikálne tabuľky
|2 SNKPH
|9 278453
|
| 655 |
|
7 |
|a učebnice základných škôl
|2 SNKPH
|9 70187
|
| 655 |
|
7 |
|a tabuľky
|2 SNKPH
|9 70234
|
| 700 |
1 |
|
|a Běloun, František,
|d 1912-1992
|4 com
|9 211468
|
| 700 |
1 |
|
|a Ryšavá, Viera
|4 trl
|9 252575
|
| 852 |
|
|
|a Slovenská národná knižnica
|
| 954 |
|
|
|a odborná, vedecká literatúra cudzojazyčná (svetová)
|2 lita
|
| 958 |
|
|
|a RK
|
| 958 |
|
|
|a TL
|
| 958 |
|
|
|a CZ
|
| 958 |
|
|
|a OND
|
| 958 |
|
|
|a OP
|
| 958 |
|
|
|a UC
|
| 958 |
|
|
|a DB
|
| 999 |
|
|
|c 906921
|d 908851
|
| 952 |
|
|
|a SNK
|b SNK
|y PREZ
|7 0
|p 17A0914082
|o snkSC 22387
|i snkKSP 1735/67
|0 0
|1 0
|4 0
|d 2012-08-27
|l 0
|r 2026-02-24 07:32:22
|w 2026-02-24
|
| 952 |
|
|
|a SNK
|b SNK
|y VYP
|7 0
|o snkSC 22387 D1
|i snkKSP 1736/67
|0 0
|1 0
|4 0
|d 1996-11-22
|l 0
|r 2005-01-01 00:00:00
|w 2026-02-24
|